Chiến tranh và hòa binh; T4

Na minha lista:
Detalhes bibliográficos
Autor principal: Chiến tranh và hòa binh; T4
Formato: Livro
Idioma:Undetermined
Publicado em: Hà Nội Văn Học 1993
Assuntos:
Tags: Adicionar Tag
Sem tags, seja o primeiro a adicionar uma tag!
Thư viện lưu trữ: Trung tâm Học liệu Trường Đại học Cần Thơ
LEADER 00582nam a2200169Ia 4500
001 CTU_46878
008 210402s9999 xx 000 0 und d
082 |a 891.733 
082 |b T654/T4 
100 |a Chiến tranh và hòa binh; T4 
245 0 |a Chiến tranh và hòa binh; T4 
245 0 |c Chiến tranh và hòa binh; T4, Liev Tolstoy; Dịch giả: Nguyễn Hiến Lê 
260 |a Hà Nội 
260 |b Văn Học 
260 |c 1993 
650 |a russian fiction - 19th cnetury ( vietnamese ) 
980 |a Trung tâm Học liệu Trường Đại học Cần Thơ